Fyzikální vyšetření dítěte

Saved in:
Bibliographic Details
Main Author Lizáková, Ľubomíra
Format Electronic eBook
LanguageCzech
Published Grada 2025
Edition1. elektronické vydání
Subjects
Online AccessDostupné v BOOKPORT po přihlášení pomocí eduID
ISBN978-80-271-8038-7
978-80-271-8039-4
978-80-271-5607-8
Physical Description1 online zdroj (128 stran)

Cover

LEADER 00000nam a2200000 i 4500
001 bkp14717
003 CZ-prgp
005 20250829135323.0
006 m o d
007 cr cn
008 250829s2025 xr o 000 0 cze
020 |a 978-80-271-8038-7  |c 220 Kč  |q (online ; pdf) 
020 |a 978-80-271-8039-4  |c 220 Kč  |q (online ; epub) 
020 |a 978-80-271-5607-8  |c 263 Kč  |q (print) 
040 |a Grada  |b cze  |e rda 
100 1 |a Lizáková, Ľubomíra 
245 1 0 |a Fyzikální vyšetření dítěte  |c Ľubomíra Lizáková 
250 |a 1. elektronické vydání 
264 1 |b Grada  |c 2025 
300 |a 1 online zdroj (128 stran) 
336 |a text  |b txt  |2 rdacontent 
337 |a počítač  |b c  |2 rdamedia 
338 |a online zdroj  |b cr  |2 rdacarrier 
520 3 |a Fyzikální vyšetření dítěte z pohledu ošetřovatelství je vysokoškolská odborná učebnice určená především studentům v oboru ošetřovatelství, ale také sestrám a všem, kteří pracují na pediatrických pracovištích a věnují se fyzikálnímu vyšetření dítěte. 
650 0 4 |a Sestra 
856 4 0 |u https://www.bookport.cz/AccountSaml/SignIn/?idp=https://shibboleth.utb.cz/idp/shibboleth&returnUrl=/kniha/fyzikalni-vysetreni-ditete-15227/  |y Dostupné v BOOKPORT po přihlášení pomocí eduID